Flag to Random Border #2 - Statistics

General Stats
  • This quiz has been taken 20 times
  • The average score is 10 of 12
Answer Stats
Picture Answer % Correct
Ireland
100%
Trinidad and Tobago
94%
Croatia
89%
Mauritania
83%
Uganda
83%
Vatican City
83%
Malaysia
78%
Marshall Islands
78%
Paraguay
78%
Sierra Leone
78%
Belize
72%
Maldives
72%
No matching quizzes found
Score Distribution
Percent of People with Each Score
Percentile by Number Answered
Your Score History
You have not taken this quiz